000 00366pam a2200157 a 4500
020 _a97881312
_c
041 _h
082 _a618.2
_b10915
100 _aDAFTARY S.N. .
245 _aMANUAL OF OBSTETRICS
_hTextual Documents
250 _a3 + ONLINE.
260 _a[s.l]:
_bELSEVIER,
_c2012.
300 _a621;:
_bXV;
_cPB.
930 _a5767
999 _c800294
_d800294
650 _aOBST.GYNE